000 01352cam a2200289 4500500
005 20251228073624.0
041 _afre
042 _adc
100 1 0 _aScott, Diane
_eauthor
245 0 0 _aLe théâtre s’inquiète
260 _c2017.
500 _a22
520 _aLe souci de tenir une fonction politique conduit le théâtre français à aborder la question de l’extrême droite aujourd’hui, dans les années 2010. Un spectacle à partir de la figure de Fassbinder construit un diagnostic politique et un dispositif de parole dont on verra qu’ils ne sont pas sans contradictions.
520 _aWith a view of playing a political function, French theatre tackles the issue of contemporary extreme-right. A show inspired by the figure of Fassbinder builds up a political diagnosis and a speech system which are far from being without contradictions.
690 _aanalyse de l’idéologie
690 _aextrême droite
690 _aFassbinder
690 _apolitique
690 _aThéâtre
690 _aextreme right
690 _aFassbinder
690 _aideological analysis
690 _apolitics
690 _aTheater
786 0 _nSavoirs et clinique | 23 | 2 | 2017-09-19 | p. 44-54 | 1634-3298
856 4 1 _uhttps://shs.cairn.info/revue-savoirs-et-cliniques-2017-2-page-44?lang=fr&redirect-ssocas=7080
999 _c1595530
_d1595530